Hypercar and supercar Knowledge test - Statistics

General Stats
  • This quiz has been taken 180 times
  • The average score is 8 of 18
Answer Stats
Hint % Correct
261 MPH France Bugatti Chiron
85%
350 MPH UAE Devel 16 Prototype
73%
217 MPH UK Mclaren P1
73%
267 MPH France Bugatti Veyron
73%
217 MPH Italy ferrari laFerrari
71%
300 MPH Sweden Koenigsegg Jesko
70%
211 MPH Germany Porsche 918
52%
202 MPH Italy Lamborghini Huracan
51%
273 MPH Sweden Koenigsegg one:1
50%
206 MPH UK Mclaren 720S
48%
220 MPH Italy Lamborghini Veneno
38%
227 MPH Croatia Rimac Concept One
35%
230 MPH Italy Pagani Huayra BC
29%
207 MPH UK Mclaren 650S
27%
204 MPH UK Mclaren 570S
24%
310 MPH Italy Ferrari F80 concept
11%
238 MPH Germany Mercedes Jaegermeister 962
1%
194 MPH Italy Lamborghini Terzo Millenio
1%
No matching quizzes found
Score Distribution
Percent of People with Each Score
Percentile by Number Answered
Your Score History
You have not taken this quiz